000 00469nmm a2200145Ia 4500
008 251105s9999||||xx |||||||||||||||||und||
041 _aspa
100 _aJosé María, Caparrós Lera
245 0 _aEl pasado como presente. 50 películas de género histórico
264 _a[Madrid, España] :
_bUniversitat Oberta de Catalunya,
_c2017
300 _a192 páginas
650 _aFilm studies
856 _uhttps://public.digitaliapublishing.com/a/47377
942 _cCF
999 _c106531
_d106531